La belle dame sans merci XXII

Сохранить в:
Библиографические подробности
Главные авторы: Iommi Amunátegui, Godofredo Tomás (autor), Schiavetti Rosas, Mauricio Eugenio (Автор)
Формат:
Язык:испанский
Опубликовано: Valparaíso Universidad Católica de Valparaíso 1980
Предметы:
Метки: Добавить метку
Нет меток, Требуется 1-ая метка записи!

MARC

LEADER 00000nam a2200000 a 4500
001 UCK4147
003 CL-VaPUC
008 050520e19800000CL |||||||||||||||||spa|d
082 0 4 |a Ch861  |b IOM  |2 21 
100 |a Iommi Amunátegui, Godofredo Tomás  |e autor  |9 604202 
700 0 |a Schiavetti Rosas, Mauricio Eugenio  |e author  |9 492568 
245 1 3 |a La belle dame sans merci XXII 
300 |a Pág. irreg 
942 |c BK 
945 |d 20050520 00:00:00  |a jcarroza 
260 |a Valparaíso  |b Universidad Católica de Valparaíso  |c 1980 
650 0 |a Poesías chilenas   |9 265280 
650 0 |a Literatura chilena   |9 308278 
583 |a last modification  |c 20050520 00:00:00  |k Rodrigo Vera 
999 |c 313102  |d 313100 
952 |0 0  |1 0  |4 0  |6 CH_861_000000000000000_IOM_1980  |7 0  |8 A  |9 384192  |a BIBARQ  |b BIBARQ  |d 2019-11-22  |i 4125193  |o Ch861 IOM 1980  |p 4125193  |r 2025-01-20  |w 2019-11-22  |y BK  |k ARQ